|
|
|
|
| LEADER |
00000caa a2200000 c 4500 |
| 001 |
1515253856 |
| 003 |
DE-627 |
| 005 |
20220603142734.0 |
| 007 |
tu |
| 008 |
150910s2015 xx ||||| 00| ||ger c |
| 020 |
|
|
|a 9783848720514
|
| 035 |
|
|
|a (DE-627)1515253856
|
| 035 |
|
|
|a (DE-576)445253851
|
| 035 |
|
|
|a (DE-599)BSZ445253851
|
| 040 |
|
|
|a DE-627
|b ger
|c DE-627
|e rakwb
|
| 041 |
|
|
|a ger
|
| 100 |
1 |
|
|a Sohn, Werner
|d 1950-
|0 (DE-588)130666548
|0 (DE-627)505297795
|0 (DE-576)163940541
|4 aut
|
| 109 |
|
|
|a Sohn, Werner 1950-
|
| 245 |
1 |
0 |
|a Kein Modell ist viel zu schön, um wahr zu sein
|b die Londoner "riots" 2011 im Spiegel der kriminologischen Debatte
|c Werner Sohn
|
| 264 |
|
1 |
|c 2015
|
| 336 |
|
|
|a Text
|b txt
|2 rdacontent
|
| 337 |
|
|
|a ohne Hilfsmittel zu benutzen
|b n
|2 rdamedia
|
| 338 |
|
|
|a Band
|b nc
|2 rdacarrier
|
| 773 |
0 |
8 |
|i In
|t Über allem: Menschlichkeit
|b 1. Aufl.
|d Baden-Baden : Nomos, 2015
|g (2015), Seite 365-389
|h 985 S.
|w (DE-627)834427036
|w (DE-576)444967656
|z 3848720515
|z 9783848720514
|7 nnam
|
| 773 |
1 |
8 |
|g year:2015
|g pages:365-389
|
| 951 |
|
|
|a AR
|
| ELC |
|
|
|b 1
|
| LOK |
|
|
|0 000 xxxxxcx a22 zn 4500
|
| LOK |
|
|
|0 001 2897945745
|
| LOK |
|
|
|0 003 DE-627
|
| LOK |
|
|
|0 004 1515253856
|
| LOK |
|
|
|0 005 20260119113116
|
| LOK |
|
|
|0 008 160211||||||||||||||||ger|||||||
|
| LOK |
|
|
|0 040
|a DE-21-110
|c DE-627
|d DE-21-110
|
| LOK |
|
|
|0 689
|a s
|a Multikulturalismus
|
| LOK |
|
|
|0 689
|a s
|a Ethnizität
|
| LOK |
|
|
|0 689
|a s
|a Diversität
|
| LOK |
|
|
|0 689
|a s
|a Reflexion
|
| LOK |
|
|
|0 689
|a s
|a Unruhen
|
| LOK |
|
|
|0 689
|a g
|a England
|
| LOK |
|
|
|0 852
|a DE-21-110
|
| LOK |
|
|
|0 852 1
|m p
|9 00
|
| LOK |
|
|
|0 938
|k p
|
| LOK |
|
|
|0 939
|a 11-02-16
|b l01
|
| ORI |
|
|
|a SA-MARC-krimdoka001.raw
|